Hong Kong still most pricey office market (Record no. 81956)

MARC details
000 -LEADER
fixed length control field 00845cab a22001935a 4500
001 - CONTROL NUMBER
control field L148782
008 - FIXED-LENGTH DATA ELEMENTS--GENERAL INFORMATION
fixed length control field 091109s2009 xxkd f 000 0 eng d
035 ## - SYSTEM CONTROL NUMBER
System control number (Sirsi) u148782
041 0# - LANGUAGE CODE
Language code of text/sound track or separate title eng
110 2# - MAIN ENTRY--CORPORATE NAME
Corporate name or jurisdiction name as entry element Asia Property
9 (RLIN) 5589
245 00 - TITLE STATEMENT
Title Hong Kong still most pricey office market
260 ## - PUBLICATION, DISTRIBUTION, ETC.
Date of publication, distribution, etc. 2009
490 ## - SERIES STATEMENT
Series statement Asia Property
Volume/sequential designation October 2009, 26(1)
520 ## - SUMMARY, ETC.
Summary, etc. Hong Kong is the world?s most expensive office location despite a 35% fall in average prime occupancy costs since June 2008. Asia Pacific office performance in the first half of 2009 was weak with an 11.4% increase in regional vacancy rates. India?s office oversupply will be used up by 2013. Table covers prime Asian rents and yields Q2 2009.
590 ## - LOCAL NOTE (RLIN)
Local note KA
651 #4 - SUBJECT ADDED ENTRY--GEOGRAPHIC NAME
Geographic name Asia Pacific
690 ## - LOCAL SUBJECT ADDED ENTRY--TOPICAL TERM (OCLC, RLIN)
Topical term or geographic name as entry element PROPERTY-COMMERCIAL PROPERTY-COMMERCIAL PROPERTY MARKET
942 ## - ADDED ENTRY ELEMENTS (KOHA)
Suppress in OPAC 0
Holdings
Withdrawn status Lost status Source of classification or shelving scheme Damaged status Not for loan Home library Current library Shelving location Date acquired Total Checkouts Full call number Barcode Date last seen Copy number Price effective from Koha item type
    Dewey Decimal Classification     London London Journal article 09/11/2009   L148782 148782-1001 06/08/2019 1 06/08/2019 Journal article